| 000 | 01800cam a2200421 a 4500 | ||
|---|---|---|---|
| 001 | 15217024 | ||
| 003 | OSt | ||
| 005 | 20231206151505.0 | ||
| 008 | 080312s2008 ii b 001 0 eng | ||
| 010 | _a 2008307547 | ||
| 020 | _a9780195693065 | ||
| 020 | _a019569306X | ||
| 025 | _aI-E-2008-307547; 61-92; 62-92 | ||
| 037 |
_bLibrary of Congress -- New Delhi Overseas Office _cRs725.00 |
||
| 040 |
_aDLC _cDLC _dDLC |
||
| 042 | _alcode | ||
| 043 | _aa-ii--- | ||
| 050 | 0 | 0 |
_aHV1559.I4 _bT48 2008 |
| 082 |
_a305.5680954 _bTHO/B |
||
| 100 | 1 |
_aThorat, Sukhadeo _910073 |
|
| 245 | 1 | 0 |
_aB.R. Ambedkar : _bperspectives on social exclusion and inclusive policies / _cSukhadeo Thorat and Narender Kumar. |
| 260 |
_aNew Delhi : _bOxford University Press, _c2008. |
||
| 300 |
_a386 p. ; _c23 cm. |
||
| 504 | _aIncludes bibliographical references (p. [371]-376) and index. | ||
| 600 | 1 | 0 |
_aAmbedkar, B. R. _q(Bhimrao Ramji), _d1891-1956. |
| 650 | 0 |
_aPeople with social disabilities _xGovernment policy _zIndia. |
|
| 650 | 0 |
_aAffirmative action programs _zIndia. |
|
| 650 | 0 |
_aReverse discrimination _zIndia. |
|
| 700 | 1 | _aKumar, Narender. | |
| 740 | 0 | 2 | _aDr. Babasaheb Ambedkar, writings and speeches. |
| 856 | 4 | 2 |
_3Contributor biographical information _uhttp://www.loc.gov/catdir/enhancements/fy0907/2008307547-b.html |
| 856 | 4 | 2 |
_3Publisher description _uhttp://www.loc.gov/catdir/enhancements/fy0907/2008307547-d.html |
| 856 | 4 | 1 |
_3Table of contents only _uhttp://www.loc.gov/catdir/enhancements/fy0907/2008307547-t.html |
| 856 | 4 | 2 |
_3Book review (H-Net) _uhttp://www.h-net.org/reviews/showrev.php?id=25315 |
| 906 |
_a7 _bcbc _corigode _d3 _encip _f20 _gy-gencatlg |
||
| 942 |
_2ddc _cBK _h305.5680954 _iTHO/B _k305.5680954 _mTHO/B |
||
| 999 |
_c43763 _d43763 |
||